| 000 | 01312cam a22003257a 4500 | ||
|---|---|---|---|
| 999 |
_c12847 _d12847 |
||
| 003 | EG-ScBUE | ||
| 005 | 20191215145140.0 | ||
| 006 | a|||||r|||| 00| 0 | ||
| 008 | 091101t2002 enka f 000 0 eng d | ||
| 020 | _a1899396411 | ||
| 020 | _a9781899396412 | ||
| 040 |
_aEG-ScBUE _bENG _erda _cEG-ScBUE _dEG-ScBUE |
||
| 082 | 0 | 4 |
_a428.34 _bMAC _222 |
| 100 | 1 |
_aMacAndrew, Richard, _eauthor. |
|
| 245 | 1 | 0 |
_aTaboos and issues / _cRichard MacAndrew, Ron Martínez. |
| 246 | 3 | 4 |
_aTaboos and issues : _bphotocopiable lessons on controversial topics : straightforward, easy-to-use material for busy teachers |
| 264 | 1 |
_aLondon : _bHeinle Cengage Learning, _c[2002] |
|
| 264 | 4 | _cc 2002 | |
| 300 |
_a40 pages, 6 unnumbered pages : _billustrations ; _c28 cm |
||
| 336 |
_2rdacontent _atext _btxt |
||
| 337 |
_2rdamedia _aunmediated _bn |
||
| 338 |
_2rdacarrier _avolume _bnc |
||
| 520 | _aCovers many serious issues which are usually, and quite reasonably, considered unsuitable for inclusion in general coursebooks. This title provides the opportunity for adults to discuss controversial issues | ||
| 590 | _aMahmoud Sami | ||
| 650 | 7 |
_aEnglish language _xStudy and teaching. _2BUEsh |
|
| 653 |
_bHHUUEENN _cDecember2019 |
||
| 655 | _vReading book | ||
| 700 | 1 |
_aMartínez, Ron, _eauthor. |
|
| 942 |
_2ddc _cBB |
||